| 000 | 00602cam a22001935a 4500 | ||
|---|---|---|---|
| 001 | E153718 | ||
| 008 | 110822s1922 xxk f 000 0 eng d | ||
| 035 | _a(Sirsi) u153718 | ||
| 041 | 0 | _aeng | |
| 050 | 0 | 4 | _a333.33 $2 18 |
| 100 | 1 | _aBowen, David | |
| 245 | 0 | 0 | _aElements of the law relating to vendors and purchasers |
| 260 |
_aLondon _bEstates Gazette _c1922 |
||
| 300 |
_alxxxvii, 471 p. _c22 cm. |
||
| 520 | _aOffers guidance for surveyors, estate agents, valuers and auctioneers. | ||
| 651 | 4 |
_aEngland and Wales _y1543- |
|
| 690 | _aPROPERTY-PROPERTY ACQUISITION AND DISPOSAL | ||
| 942 | _n0 | ||
| 999 |
_c112666 _d112666 |
||